000 00500nam a2200181Ia 4500
005 20250508160959.0
008 008 250505s9999 xx 000 0 hin d
037 _aTextual
040 _aFEDL
_beng
_cFEDL
041 _ahin
_2eng
084 _a374, BON
_qFEDL
100 _aBonani C
_9769920
245 0 _aPraudh saksharta pragiti
260 _aNew Delhi, India
_bBhattiya Praudh Shiksha Sangh
_c1974
300 _avi,116p
942 _cTEXL
_h374, BON
999 _c1367743
_d1367743